[Event "European Rapid 2017"]
[Site "Katowice POL"]
[Date "2017.12.17"]
[Round "9.41"]
[White "Orndahl, Markus"]
[Black "Bosiocic, Marin"]
[Result "0-1"]
[BlackTitle "GM"]
[WhiteElo "2182"]
[BlackElo "2624"]
[WhiteFideId "1709135"]
[BlackFideId "14507927"]
[EventDate "2017.12.16"]

1. e4 c5 2. Nf3 e6 3. b3 Nc6 4. Bb2 a6 5. c4 d6 6. d4 cxd4 7. Nxd4 Bd7 8. g3 Nf6
9. Bg2 Be7 10. O-O O-O 11. Nc3 Rb8 12. Rc1 Nxd4 13. Qxd4 e5 14. Qd3 b5 15. cxb5
axb5 16. Rfd1 b4 17. Nd5 Nxd5 18. Qxd5 Be6 19. Qd2 Qa5 20. f4 Qxa2 21. f5 Qa7+
22. Kh1 Bxb3 23. Rf1 f6 24. g4 Rfc8 25. Rxc8+ Rxc8 26. Qxb4 Qb8 27. Qxb8 Rxb8
28. Rc1 h5 29. h3 Bf7 30. Ba3 hxg4 31. hxg4 Kf8 32. Rc6 Be8 33. Rc7 Rb3 34. Ra7
Bc6 35. Rc7 Bb7 36. Bc1 Ke8 37. Kh2 Kd8 38. Rc4 Kd7 39. Ra4 Bd8 40. Bd2 Rd3 41.
Be1 Bb6 42. Rb4 Kc7 43. Rc4+ Bc5 44. Rc2 Kd7 45. Bf2 Bxf2 46. Rxf2 Rb3 47. Ra2
Rb4 48. Kg3 Ke7 49. Kh4 Kf7 50. Kh5 Kg8 51. Kg6 Bc6 52. Kh5 Be8+ 53. Kh4 g5+ 54.
fxg6 Bxg6 55. Ra7 Bf7 56. g5 Kg7 57. Bf3 fxg5+ 58. Kxg5 Rb1 59. Rd7 Kf8 60. Rxd6
Ke7 61. Ra6 Bc4 62. Rh6 Rg1+ 63. Bg4 Be2 64. Rh4 Kd6 65. Kh5 Bd3 66. Bf5 Kc5 67.
Kh6 Kd4 68. Rg4 Re1 69. Kg5 Bxe4 70. Kf6 Kd5 71. Rg8 Bxf5 72. Rd8+ Ke4 0-1

[Event "European Rapid 2017"]
[Site "Katowice POL"]
[Date "2017.12.17"]
[Round "9.42"]
[White "Laurusas, Tomas"]
[Black "Terletsky, Oleg"]
[Result "1/2-1/2"]
[WhiteTitle "IM"]
[BlackTitle "FM"]
[WhiteElo "2423"]
[BlackElo "2384"]
[WhiteFideId "12803731"]
[BlackFideId "14116774"]
[EventDate "2017.12.16"]

1. d4 Nf6 2. c4 g6 3. Nc3 Bg7 4. g3 O-O 5. Bg2 d6 6. e3 Nbd7 7. Nge2 e5 8. O-O
c6 9. Qc2 exd4 10. Nxd4 Nb6 11. b3 d5 12. Ba3 Re8 13. Rad1 Bd7 14. cxd5 Nbxd5
15. Na4 Qc8 16. Rfe1 Bg4 17. Rc1 Bh3 18. Bh1 Qg4 19. Nc3 Nxc3 20. Qxc3 Ne4 21.
Qd3 Ng5 22. f3 Qd7 23. Bb2 Rad8 24. Qc2 Ne6 25. Nxe6 Qxe6 26. Bxg7 Kxg7 27. Kf2
Qf6 28. Rcd1 h5 29. e4 h4 30. Bg2 Bxg2 31. Kxg2 hxg3 32. hxg3 Rh8 33. f4 Rxd1
34. Rxd1 Qe6 35. Qb2+ f6 36. Kf3 Re8 37. Qd4 Re7 38. g4 c5 39. Qd5 Qxd5 40. Rxd5
Rc7 41. e5 fxe5 42. fxe5 b5 43. g5 c4 44. Ke2 cxb3 45. axb3 b4 46. Rb5 Kf7 47.
Kd3 Rc3+ 48. Ke4 Rxb3 49. Rb7+ Ke6 50. Rxa7 Rb1 51. Ra6+ Ke7 52. Kd5 Rd1+ 53.
Kc4 Re1 54. Kd5 Rd1+ 55. Kc4 Re1 56. Kxb4 Rxe5 57. Rxg6 Kf7 1/2-1/2

[Event "European Rapid 2017"]
[Site "Katowice POL"]
[Date "2017.12.17"]
[Round "9.43"]
[White "Olszewski, Michal"]
[Black "Gazik, Viktor"]
[Result "0-1"]
[WhiteTitle "GM"]
[BlackTitle "IM"]
[WhiteElo "2540"]
[BlackElo "2479"]
[WhiteFideId "1121251"]
[BlackFideId "14928752"]
[EventDate "2017.12.16"]

1. e4 c5 2. Nf3 d6 3. d4 cxd4 4. Nxd4 Nf6 5. Nc3 g6 6. f3 Bg7 7. Be3 Nc6 8. g4
O-O 9. Qd2 Bd7 10. O-O-O Rc8 11. Kb1 Ne5 12. h4 b5 13. h5 Nxf3 14. Nxf3 Bxg4 15.
Be2 b4 16. Nd5 Nxe4 17. Qe1 e6 18. hxg6 exd5 19. gxf7+ Rxf7 20. Ng5 Qf6 21. Rd4
Nxg5 22. Bxg4 Re8 23. Bh5 Qxd4 24. Bxf7+ Nxf7 25. Bxd4 Rxe1+ 26. Rxe1 Bxd4 27.
Rd1 Bc5 28. Rxd5 Kg7 29. Kc1 Ne5 30. Kd2 h5 31. Ke2 h4 32. Rd1 Kg6 0-1

[Event "European Rapid 2017"]
[Site "Katowice POL"]
[Date "2017.12.17"]
[Round "9.44"]
[White "Arnaudov, G. Petar"]
[Black "Zaksaite, Salomeja"]
[Result "1-0"]
[WhiteTitle "GM"]
[BlackTitle "WIM"]
[WhiteElo "2439"]
[BlackElo "2278"]
[WhiteFideId "2907127"]
[BlackFideId "12801496"]
[EventDate "2017.12.16"]

1. Nf3 Nf6 2. c4 g6 3. Nc3 d5 4. d4 Bg7 5. Qb3 dxc4 6. Qxc4 O-O 7. e4 Bg4 8. Be3
Nfd7 9. Nd2 Nb6 10. Qc5 e5 11. d5 Re8 12. h3 Bd7 13. Be2 Bf8 14. Qa5 Nc4 15.
Nxc4 b6 16. Qa3 Bxa3 17. Nxa3 a5 18. h4 h5 19. Rd1 Qe7 20. g3 Qb4 21. Rd2 Na6
22. O-O Nc5 23. Nc4 Bg4 24. f3 Bh3 25. Rc1 Nb7 26. d6 Nxd6 27. Nd5 Nxc4 28. Nxb4
Nxd2 29. Nd5 Red8 30. Bxd2 Be6 31. Bg5 Rd6 32. Be7 Rd7 33. Nf6+ 1-0

[Event "European Rapid 2017"]
[Site "Katowice POL"]
[Date "2017.12.17"]
[Round "9.45"]
[White "Mazurkiewicz, Michal"]
[Black "Rausis, Igors"]
[Result "1/2-1/2"]
[BlackTitle "GM"]
[WhiteElo "2215"]
[BlackElo "2632"]
[WhiteFideId "1124943"]
[BlackFideId "11600098"]
[EventDate "2017.12.16"]

1. e4 c6 2. d3 d5 3. Nd2 g6 4. g3 Bg7 5. Bg2 b6 6. Ngf3 dxe4 7. dxe4 Ba6 8. c4
Nf6 9. O-O O-O 10. e5 Ne8 11. Qe2 Nc7 12. Ne4 h6 13. Rd1 Qc8 14. h4 Ne6 15. Be3
c5 16. Nc3 Nc6 17. Nd5 Re8 18. Rac1 Rb8 19. Kh2 b5 20. b3 bxc4 21. bxc4 Nb4 22.
Qd2 Kh7 23. a3 Nc6 24. Bh3 Rb3 25. h5 Ncd8 26. hxg6+ fxg6 27. Qc2 Qb7 28. Nh4
Nf8 29. Nxg6 Nxg6 30. Bf5 Rf8 31. Bxg6+ Kh8 32. Nf4 Rb2 33. Qd3 Qc7 34. Be4 Rb6
35. Ng6+ Rxg6 36. Bxg6 Qxe5 37. Qe4 Qf6 38. Qg4 Ne6 39. Be4 Bc8 40. Qg6 Qxg6 41.
Bxg6 Nd4 42. Be4 Bg4 43. Rd3 Rb8 44. Bf4 Rb2 45. Rd2 Rb3 46. Kg2 Kg8 47. Rb1
Bf3+ 48. Bxf3 Rxb1 49. Bd5+ e6 50. Be4 Rb3 51. a4 Kf7 52. a5 Rb4 53. a6 Rxc4 54.
Bb8 Ra4 55. Bxa7 Rxa6 56. Bxc5 Ra4 57. f3 e5 58. Rb2 Ra6 59. Rb7+ Kf6 60. Be7+
Ke6 61. Bh4 Bf6 62. Rh7 Bxh4 63. gxh4 Nf5 64. Kh3 Ra1 65. Rh8 Rh1+ 66. Kg2 Rxh4
67. Re8+ Kf7 68. Rxe5 Ng7 69. Ra5 Rh5 70. Ra7+ Kf6 71. Ra6+ Ke5 72. Ra5+ 1/2-1/2

[Event "European Rapid 2017"]
[Site "Katowice POL"]
[Date "2017.12.17"]
[Round "9.46"]
[White "Klekowski, Maciej"]
[Black "Quilter, Thomas A"]
[Result "1-0"]
[WhiteTitle "IM"]
[WhiteElo "2498"]
[BlackElo "2195"]
[WhiteFideId "1132717"]
[BlackFideId "408530"]
[EventDate "2017.12.16"]

1. c4 Nf6 2. Nc3 d6 3. g3 g6 4. Bg2 Bg7 5. d4 O-O 6. Nf3 Nbd7 7. O-O e5 8. e4
exd4 9. Nxd4 Re8 10. h3 Ne5 11. b3 Nc6 12. Be3 Nd7 13. Rc1 a6 14. f4 f5 15. Nxc6
bxc6 16. Bd4 fxe4 17. Nxe4 Bb7 18. Ng5 Bxd4+ 19. Qxd4 Qf6 20. Qxf6 Nxf6 21. Rfe1
h6 22. Ne6 Re7 23. Re2 Rae8 24. Rce1 d5 25. Kf2 Ne4+ 26. Bxe4 dxe4 27. Nc5 Bc8
28. g4 h5 29. Nxe4 Kh8 30. Kg3 c5 31. Nc3 Rxe2 32. Rxe2 Rxe2 33. Nxe2 hxg4 34.
hxg4 Bb7 35. Nc3 Kg7 36. Na4 Be4 37. Nxc5 Bb1 38. a3 Ba2 39. Kf3 a5 40. a4 Kf6
41. Ke3 c6 42. Kd4 Bb1 43. Kc3 g5 44. fxg5+ Kxg5 45. Nb7 Kf6 46. Nxa5 Be4 47.
Kd4 Bf3 48. Kc5 Bxg4 49. Nxc6 Ke6 50. a5 Kd7 51. Ne5+ 1-0

[Event "European Rapid 2017"]
[Site "Katowice POL"]
[Date "2017.12.17"]
[Round "9.47"]
[White "Bednarek, Sylwester"]
[Black "Sammalvuo, Tapani"]
[Result "1-0"]
[WhiteTitle "FM"]
[BlackTitle "IM"]
[WhiteElo "2307"]
[BlackElo "2416"]
[WhiteFideId "1101811"]
[BlackFideId "501115"]
[EventDate "2017.12.16"]

1. d4 Nf6 2. Bg5 d5 3. Bxf6 exf6 4. e3 Bd6 5. g3 c6 6. Nd2 Be6 7. Bg2 f5 8. Ne2
Nd7 9. Nf4 Nf6 10. O-O Qe7 11. Nxe6 Qxe6 12. c4 dxc4 13. Qa4 O-O 14. Qxc4 Qe7
15. Qc2 g6 16. Nc4 Bc7 17. b4 Rad8 18. Rab1 Nd5 19. b5 c5 20. Rfd1 b6 21. Qb3
cxd4 22. Rxd4 Nf6 23. Rbd1 h5 24. Qa3 Qxa3 25. Nxa3 h4 26. Nc4 hxg3 27. hxg3 Kg7
28. Rxd8 Bxd8 29. Ne5 Bc7 30. Nc6 Ra8 31. Nb4 Re8 32. Nc6 Ra8 33. Rc1 a5 34. Ne7 1-0

[Event "European Rapid 2017"]
[Site "Katowice POL"]
[Date "2017.12.17"]
[Round "9.48"]
[White "Brodowski, Piotr"]
[Black "Chernyak, Viktoria"]
[Result "1-0"]
[WhiteTitle "IM"]
[BlackTitle "WFM"]
[WhiteElo "2430"]
[BlackElo "2196"]
[WhiteFideId "1124480"]
[BlackFideId "24165956"]
[EventDate "2017.12.16"]

1. d4 Nf6 2. c4 e6 3. g3 d5 4. Bg2 Be7 5. Nf3 dxc4 6. Qa4+ Nbd7 7. O-O a6 8. Ne5
O-O 9. Nxd7 Qxd7 10. Qxc4 b5 11. Qc2 Ra7 12. Rd1 Bb7 13. e4 Qc8 14. Be3 Ng4 15.
Bf4 g5 16. Bc1 h6 17. h3 Nf6 18. Be3 Rd8 19. Nd2 a5 20. Rac1 Ba8 21. Nb3 a4 22.
Nc5 Nd7 23. Nxd7 Rxd7 24. Qe2 Qb8 25. Qh5 Bf8 26. h4 Qd8 27. hxg5 hxg5 28. Bxg5
f6 29. Be3 Ra6 30. Qxb5 Rb6 31. Qc4 Qe8 32. Qe2 Rh7 33. d5 Rb8 34. Qg4+ Rg7 35.
Qxe6+ Qxe6 36. dxe6 Rxb2 37. e5 1-0

[Event "European Rapid 2017"]
[Site "Katowice POL"]
[Date "2017.12.17"]
[Round "9.49"]
[White "Valsecchi, Alessio"]
[Black "Nestorenko, Dmitry"]
[Result "1-0"]
[WhiteTitle "IM"]
[WhiteElo "2501"]
[BlackElo "2253"]
[WhiteFideId "818860"]
[BlackFideId "14129728"]
[EventDate "2017.12.16"]

1. e4 c5 2. Nf3 Nc6 3. Bb5 g6 4. Bxc6 dxc6 5. d3 Qc7 6. h3 Bg7 7. Nc3 e5 8. Be3
b6 9. Qd2 Ne7 10. Bh6 O-O 11. Bxg7 Kxg7 12. a3 a5 13. Nh2 Rd8 14. b3 f6 15. O-O
Be6 16. Qe3 Qd6 17. a4 Qd4 18. Qe1 Rdb8 19. Ne2 Qd6 20. f4 exf4 21. Nxf4 Bd7 22.
Kh1 Rf8 23. Qg3 Kg8 24. Rae1 Rf7 25. Nf3 Qc7 26. e5 Nf5 27. Qf2 fxe5 28. Nxe5
Rf6 29. g4 Ng7 30. Nd5 Rxf2 31. Nxc7 Rxf1+ 32. Rxf1 Rd8 33. Nf7 Rc8 34. Nh6+ Kh8
35. Rf7 Be8 36. Rf8# 1-0

[Event "European Rapid 2017"]
[Site "Katowice POL"]
[Date "2017.12.17"]
[Round "9.50"]
[White "Zelcic, Robert"]
[Black "Brzezinski, Mateusz"]
[Result "1-0"]
[WhiteTitle "GM"]
[WhiteElo "2501"]
[BlackElo "2164"]
[WhiteFideId "14500310"]
[BlackFideId "1177117"]
[EventDate "2017.12.16"]

1. e4 e6 2. d4 d5 3. Nc3 Bb4 4. e5 c5 5. dxc5 Nc6 6. Nf3 d4 7. a3 dxc3 8. axb4
Qxd1+ 9. Kxd1 cxb2 10. Bxb2 Nxb4 11. Nd2 Bd7 12. Nc4 Bc6 13. Nd6+ Ke7 14. Ba3
Nd5 15. c4 Nf4 16. Nxb7 Nh6 17. Na5 Rhd8+ 18. Ke1 Rac8 19. Bc1 Nxg2+ 20. Bxg2
Bxg2 21. Rg1 Bf3 22. Bg5+ Ke8 23. Bxd8 Rxd8 24. Rxg7 Ke7 25. Rg3 Rd3 26. c6 Nf5
27. Rxf3 Rxf3 28. Rd1 Kf8 29. c7 Ne7 30. Rd8+ Kg7 31. Re8 1-0

[Event "European Rapid 2017"]
[Site "Katowice POL"]
[Date "2017.12.17"]
[Round "9.51"]
[White "Klabis, Rokas"]
[Black "Dobrowolski, Piotr"]
[Result "0-1"]
[WhiteTitle "FM"]
[BlackTitle "IM"]
[WhiteElo "2366"]
[BlackElo "2421"]
[WhiteFideId "12805246"]
[BlackFideId "1106236"]
[EventDate "2017.12.16"]

1. e4 e6 2. d3 d5 3. Nd2 c5 4. Ngf3 Nc6 5. g3 g6 6. Bg2 Bg7 7. O-O Nge7 8. Re1
O-O 9. Rb1 h6 10. a3 a5 11. Nf1 a4 12. h4 e5 13. exd5 Nxd5 14. Ne3 Be6 15. Nxd5
Bxd5 16. Be3 Nd4 17. Bxd4 exd4 18. Nd2 Ra6 19. Bxd5 Qxd5 20. b3 f5 21. Qf3 Qxf3
22. Nxf3 Rf7 23. b4 cxb4 24. Rxb4 Bf8 25. Rxd4 Bxa3 26. Rd8+ Kg7 27. Ra1 Bb2 28.
Ra2 a3 29. Nd2 b5 30. Rb8 b4 31. Nc4 Bc3 32. Rb6 Rxb6 33. Nxb6 Re7 34. Nd5 Re1+
35. Kg2 Bd2 36. Kf3 Kf7 37. h5 g5 38. d4 g4+ 39. Kg2 Ke6 40. Nb6 Bc3 41. d5+ Kd6
42. Nc4+ Kxd5 43. Nxa3 bxa3 44. Rxa3 Bd4 45. f3 Re2+ 46. Kh1 Rxc2 47. fxg4 fxg4
48. Ra6 Rc6 49. Ra8 Ke5 50. Rf8 Rf6 51. Rd8 Bb6 52. Rd7 Rf5 53. Rb7 Rxh5+ 54.
Kg2 Bc5 55. Rg7 Rg5 56. Rc7 Kd5 57. Rh7 h5 58. Rh8 Rf5 59. Rh7 Bd6 60. Rh8 Ke4
61. Re8+ Be5 62. Rh8 Bxh8 0-1

[Event "European Rapid 2017"]
[Site "Katowice POL"]
[Date "2017.12.17"]
[Round "9.52"]
[White "Sergeev, Vladimir"]
[Black "Morkisz, Bogdan"]
[Result "1-0"]
[WhiteTitle "GM"]
[WhiteElo "2406"]
[BlackElo "2023"]
[WhiteFideId "14101076"]
[BlackFideId "1103610"]
[EventDate "2017.12.16"]

1. d4 e6 2. Nf3 f5 3. g3 Nf6 4. Bg2 d5 5. c4 c6 6. O-O Bd6 7. b3 Qe7 8. Bb2 O-O
9. Nbd2 Bd7 10. Ne5 Be8 11. Ndf3 Bh5 12. Qc2 Bxf3 13. exf3 Nbd7 14. Rfe1 Ne8 15.
Nd3 Rf6 16. Re2 g5 17. Rae1 Qf7 18. Qd2 f4 19. Bc3 Ng7 20. Bb4 Bc7 21. Ba5 Bd6
22. Bb4 Bc7 23. Ne5 Nxe5 24. dxe5 Rg6 25. Bd6 Bb6 26. c5 Bd8 27. g4 h5 28. Qd3
Rh6 29. h3 Be7 30. b4 a6 31. a4 Rf8 32. b5 axb5 33. axb5 hxg4 34. hxg4 Ne8 35.
Ra1 Bxd6 36. cxd6 Kg7 37. Ra7 Qd7 38. Rc2 c5 39. Rxc5 Rfh8 40. Ra8 Rh2 41. Rac8
Kf8 42. R5c7 1-0

[Event "European Rapid 2017"]
[Site "Katowice POL"]
[Date "2017.12.17"]
[Round "9.53"]
[White "Sroczynski, Maciej"]
[Black "Kourousis, Epaminondas"]
[Result "1-0"]
[WhiteTitle "FM"]
[BlackTitle "IM"]
[WhiteElo "2309"]
[BlackElo "2393"]
[WhiteFideId "1121472"]
[BlackFideId "4211626"]
[EventDate "2017.12.16"]

1. d4 Nf6 2. Nf3 e6 3. c4 Bb4+ 4. Bd2 Qe7 5. g3 Nc6 6. Bg2 Bxd2+ 7. Nbxd2 d6 8.
O-O a5 9. e4 e5 10. d5 Nb8 11. b3 Bg4 12. a3 O-O 13. b4 c6 14. h3 Bd7 15. Ne1
cxd5 16. exd5 Na6 17. Qb3 Bf5 18. Rc1 Rfc8 19. Nc2 Qd7 20. g4 Bxc2 21. Rxc2 Qd8
22. Rfc1 h5 23. g5 Nd7 24. Ne4 axb4 25. axb4 Qb6 26. Rb1 Rc7 27. c5 dxc5 28. d6
Rcc8 29. g6 c4 30. Rxc4 Rxc4 31. Qxc4 Rf8 32. gxf7+ Kh8 33. Qe6 Qd8 34. Qf5 Nf6
35. Nxf6 Qxf6 36. Qxh5+ Qh6 37. Qxh6+ gxh6 38. Bxb7 Nb8 39. Bd5 Kg7 40. b5 Rd8
41. Rb3 Nd7 42. Rg3+ Kf6 43. Rg8 Nf8 44. b6 e4 45. b7 Ke5 46. Bc6 Kxd6 47. Bxe4
Ke6 48. Bg6 Ke7 49. Bf5 Kxf7 50. Rg3 Rb8 51. Bc8 Ng6 52. Rxg6 Kxg6 53. Kg2 1-0

[Event "European Rapid 2017"]
[Site "Katowice POL"]
[Date "2017.12.17"]
[Round "9.54"]
[White "Horton, Andrew P"]
[Black "Pena Gomez, Manuel"]
[Result "0-1"]
[WhiteTitle "FM"]
[BlackTitle "IM"]
[WhiteElo "2397"]
[BlackElo "2491"]
[WhiteFideId "424269"]
[BlackFideId "2252813"]
[EventDate "2017.12.16"]

1. b3 Nf6 2. Bb2 g6 3. g3 Bg7 4. Bg2 O-O 5. Nf3 d6 6. d4 Nc6 7. O-O e5 8. dxe5
Ng4 9. Nbd2 Ngxe5 10. Qc1 Re8 11. e3 a5 12. Nxe5 dxe5 13. h3 Be6 14. Rd1 Qc8 15.
Kh2 f5 16. Nf3 h6 17. Qd2 Rd8 18. Qe2 Rxd1 19. Rxd1 Qf8 20. Qb5 Qb4 21. Bf1 e4
22. Bxg7 Kxg7 23. Nd4 Qxb5 24. Nxb5 Rc8 25. Be2 Kf6 26. a3 Ke7 27. f3 exf3 28.
Bxf3 Ne5 29. Bg2 c6 30. Nc3 g5 31. Kg1 b5 32. Ne2 a4 33. Nd4 Bd7 34. Rf1 Rf8 35.
bxa4 bxa4 36. Rb1 c5 37. Nf3 Nc4 38. Rb7 Kd6 39. Ne1 Nxe3 40. Rb6+ Kc7 41. Rxh6
f4 42. gxf4 gxf4 43. Be4 Re8 44. Bg6 Re6 45. Nd3 Nf5 46. Bxf5 Rxh6 47. Bxd7 Kxd7
48. Nxc5+ Kc6 49. Nxa4 Rxh3 50. Nb2 Kd5 51. Nd3 Rg3+ 52. Kf2 Ke4 53. a4 Rg5 54.
Nc1 Rc5 55. Ke2 f3+ 56. Kf1 Rxc2 57. Nb3 Ke3 58. Kg1 Rb2 59. Na5 Rb1+ 60. Kh2 f2
61. Nc4+ Ke2 0-1

[Event "European Rapid 2017"]
[Site "Katowice POL"]
[Date "2017.12.17"]
[Round "9.55"]
[White "Karpus, Michal"]
[Black "Licznerski, Lukasz"]
[Result "1/2-1/2"]
[WhiteTitle "FM"]
[BlackTitle "FM"]
[WhiteElo "2328"]
[BlackElo "2267"]
[WhiteFideId "1174088"]
[BlackFideId "1179250"]
[EventDate "2017.12.16"]

1. e4 c6 2. d4 d5 3. Nd2 dxe4 4. Nxe4 Nd7 5. Ng5 Ngf6 6. Bd3 e6 7. Qe2 Bd6 8.
N1f3 h6 9. Ne4 Nxe4 10. Qxe4 Nf6 11. Qh4 Ke7 12. Ne5 Bxe5 13. dxe5 Qa5+ 14. c3
Qxe5+ 15. Be3 b6 16. O-O-O Rd8 17. g4 Qa5 18. Rhg1 Ba6 19. Bb1 Rxd1+ 20. Rxd1
Rd8 21. Rxd8 Kxd8 22. Bxh6 gxh6 23. Qxf6+ Ke8 24. Be4 Qc5 25. Qxh6 Qxf2 26.
Bxc6+ Ke7 27. Qg5+ f6 28. Qg7+ Kd6 29. Qd7+ Kc5 30. b4+ Kc4 31. Qxe6+ Kxc3 32.
Qb3+ Kd4 33. Qd5+ Kc3 34. Qb3+ Kd4 35. Qb2+ Qxb2+ 36. Kxb2 Bc8 37. Bf3 1/2-1/2

[Event "European Rapid 2017"]
[Site "Katowice POL"]
[Date "2017.12.17"]
[Round "9.56"]
[White "Szpar, Milosz"]
[Black "Sabuk, Piotr"]
[Result "0-1"]
[WhiteTitle "FM"]
[BlackTitle "IM"]
[WhiteElo "2367"]
[BlackElo "2382"]
[WhiteFideId "1184989"]
[BlackFideId "1137565"]
[EventDate "2017.12.16"]

1. e4 e5 2. Nf3 Nc6 3. Bb5 a6 4. Ba4 Nf6 5. O-O Be7 6. Re1 b5 7. Bb3 d6 8. c3
O-O 9. h3 Bb7 10. d4 Re8 11. Nbd2 Bf8 12. Bc2 g6 13. d5 Nb8 14. c4 Nbd7 15. Qe2
c6 16. dxc6 Bxc6 17. b3 Nc5 18. b4 Ne6 19. g3 Qb8 20. Rb1 Ra7 21. Nb3 bxc4 22.
Na5 Ba8 23. Nxc4 Nd4 24. Nxd4 exd4 25. Qf3 d5 26. Qxf6 Bg7 27. Qh4 dxc4 28. Ba4
Re6 29. b5 Rb7 30. Bf4 Qe8 31. Qg5 Rxe4 32. Rxe4 Qxe4 33. Qd8+ Bf8 34. Qxa8
Qxb1+ 35. Kh2 Rb6 36. Bh6 Qb4 37. Qd8 Qd6 38. Qe8 Rb8 39. Bxf8 Qxf8 40. Qc6 axb5
41. Bxb5 Rc8 42. Qe4 Qc5 43. Bd7 Rd8 44. Bg4 d3 0-1

[Event "European Rapid 2017"]
[Site "Katowice POL"]
[Date "2017.12.17"]
[Round "9.57"]
[White "Celinski, Kamil"]
[Black "Pultinevicius, Paulius"]
[Result "0-1"]
[BlackTitle "IM"]
[WhiteElo "1878"]
[BlackElo "2371"]
[WhiteFideId "1177176"]
[BlackFideId "12809390"]
[EventDate "2017.12.16"]

1. d4 Nf6 2. Bf4 g6 3. e3 Bg7 4. Nf3 O-O 5. Be2 d6 6. h3 b6 7. c3 Bb7 8. Nbd2 c5
9. O-O Nbd7 10. Bh2 a6 11. a4 Ra7 12. Qb3 Qa8 13. c4 cxd4 14. exd4 Ne4 15. d5
Nec5 16. Qc2 Rc8 17. Rac1 b5 18. b3 bxc4 19. Bxc4 Nb6 20. Ne4 Nxd5 21. Rcd1 Nb4
22. Bxf7+ Kxf7 23. Qc4+ Nd5 24. Neg5+ Kg8 25. b4 Ne6 26. Qg4 Nf8 27. Rfe1 Nf6
28. Qh4 Bd5 29. Nd4 e5 30. Ne2 h6 31. Nf3 Rc4 32. Ned4 Bxf3 33. gxf3 Ne6 34. Qg3
Nxd4 35. Rd3 g5 36. h4 Nf5 37. Qh3 g4 38. Qf1 Nxh4 0-1

[Event "European Rapid 2017"]
[Site "Katowice POL"]
[Date "2017.12.17"]
[Round "9.58"]
[White "Mastrovasilis, Dimitrios"]
[Black "Roesemann, Rainer"]
[Result "1-0"]
[WhiteTitle "GM"]
[BlackTitle "FM"]
[WhiteElo "2582"]
[BlackElo "2255"]
[WhiteFideId "4202694"]
[BlackFideId "4610296"]
[EventDate "2017.12.16"]

1. e4 c6 2. d4 d5 3. Nd2 dxe4 4. Nxe4 Nf6 5. Nxf6+ exf6 6. c3 Bd6 7. Bd3 O-O 8.
Qc2 h6 9. Ne2 Qc7 10. h3 Re8 11. O-O Be6 12. c4 c5 13. d5 Bc8 14. Nc3 a6 15. Bd2
Nd7 16. Rae1 Rxe1 17. Rxe1 Nf8 18. Ne4 Be5 19. b4 b6 20. bxc5 bxc5 21. Be3 Nd7
22. Nd2 Bb7 23. Rb1 Rb8 24. Bf5 Bc8 25. Rxb8 Nxb8 26. Bxc8 Qxc8 27. Qa4 Nd7 28.
Nb3 Nb6 29. Qc6 Qxc6 30. dxc6 Nxc4 31. Nxc5 Na5 32. Nxa6 Nxc6 33. Bc5 f5 34. Kf1
f6 35. Ke2 Kf7 36. Nb4 Na5 37. Kd3 g5 38. Nc2 Ke6 39. Nd4+ Kd5 40. Ba7 Nc6 41.
Nxc6 Kxc6 42. Kc4 h5 43. Bd4 h4 44. a4 g4 45. f3 gxh3 46. gxh3 Bg3 47. Bxf6 Bf2
48. Bd4 Be1 49. Be3 Ba5 50. Bf2 Bd8 51. Be1 Bf6 52. a5 Bd8 53. a6 Kb6 54. Ba5+ 1-0

[Event "European Rapid 2017"]
[Site "Katowice POL"]
[Date "2017.12.17"]
[Round "9.59"]
[White "Lach, Aleksandra"]
[Black "Mohr, Georg"]
[Result "0-1"]
[WhiteTitle "WIM"]
[BlackTitle "GM"]
[WhiteElo "2209"]
[BlackElo "2473"]
[WhiteFideId "1134299"]
[BlackFideId "14600013"]
[EventDate "2017.12.16"]

1. e4 Nc6 2. Nf3 d6 3. d4 Nf6 4. Nc3 Bg4 5. Be3 e6 6. h3 Bh5 7. Be2 Be7 8. O-O
O-O 9. Nd2 Bxe2 10. Qxe2 e5 11. d5 Nb8 12. Qb5 Qc8 13. Rad1 Ne8 14. f4 exf4 15.
Bxf4 Nd7 16. Qe2 Bf6 17. Nc4 Bxc3 18. bxc3 Nef6 19. Qf3 Re8 20. Rd4 Ne5 21. Bxe5
dxe5 22. Rd2 Qd8 23. Ne3 Rf8 24. Nf5 g6 25. Ng3 Kg7 26. Rdf2 Ne8 27. Qg4 Nd6 28.
Nh5+ Kh8 29. Nf6 Kg7 30. Qg5 Nc4 31. Nxh7 Qxg5 32. Nxg5 Nd6 33. h4 Rae8 34. Kh2
b6 35. g3 Kg8 36. g4 Kg7 37. Kh3 Kg8 38. Rf6 Re7 39. h5 Ne8 40. R6f3 gxh5 41.
gxh5 f6 42. Ne6 Rff7 43. Rg3+ Kh7 44. Rgf3 Kg8 45. Kh4 Nd6 46. Rxf6 Rxf6 47.
Rxf6 Nxe4 48. Rf8+ Kh7 49. Rf5 Nxc3 50. Rxe5 Kh6 51. Rg5 Nxd5 52. Rg6+ Kh7 53.
Kg5 Nc3 54. a3 Ne4+ 55. Kf5 Nd6+ 56. Ke5 b5 57. Kd5 a5 58. c3 Nc4 59. a4 Nb6+
60. Ke5 bxa4 61. Kf6 Nd5+ 62. Ke5 Nxc3 63. Kd4 Ne2+ 64. Ke5 a3 65. Kf6 Rxe6+ 66.
Kxe6 a2 0-1

[Event "European Rapid 2017"]
[Site "Katowice POL"]
[Date "2017.12.17"]
[Round "9.60"]
[White "Mayans, Calvo, Mariano"]
[Black "Kovalev, Denis"]
[Result "1/2-1/2"]
[BlackTitle "IM"]
[WhiteElo "2233"]
[BlackElo "2504"]
[WhiteFideId "2251426"]
[BlackFideId "14104059"]
[EventDate "2017.12.16"]

1. e4 c6 2. Nf3 d5 3. Nc3 dxe4 4. Nxe4 Bf5 5. Bd3 e6 6. Qe2 Nf6 7. O-O Nxe4 8.
Bxe4 Bxe4 9. Qxe4 Qd5 10. Qg4 Nd7 11. d4 g6 12. b3 b5 13. Re1 Bb4 14. Bd2 Bxd2
15. Nxd2 O-O 16. c4 bxc4 17. Nxc4 Rfd8 18. Ne3 Qd6 19. Qh4 Kg7 20. Rad1 a5 21.
Qg5 h6 22. Qh4 a4 23. Nc4 Qd5 24. h3 axb3 25. axb3 Rab8 26. Qe7 Re8 27. Qa3 Ra8
28. Qb2 Reb8 29. Qc3 Kg8 30. Rd3 Rb5 31. Qd2 Qg5 32. Qc2 Rab8 33. Nd6 R5b6 34.
Rg3 Qe7 35. Nxf7 Qxf7 36. Rxg6+ Kf8 37. Rgxe6 Rxb3 38. Qd2 Rb1 39. Qxh6+ Qg7 40.
Qf4+ Kg8 41. Rxb1 Rxb1+ 42. Kh2 Rb5 43. Qe4 Rd5 44. Re8+ Nf8 45. Qe6+ Qf7 46.
Qxc6 Rxd4 47. Re3 Rf4 48. Rg3+ Kh7 49. f3 Ng6 50. Qc2 Qf5 51. Qc7+ Qf7 52. Qd6
Rf5 53. Qd4 Qf6 54. Qg4 Kh6 55. Qe4 Qe5 56. Qxe5 Rxe5 57. Rg4 Re2 58. Re4 Rxe4
59. fxe4 Kg5 60. Kg3 Ne5 61. h4+ Kh5 62. Kf4 Ng6+ 63. Kf5 Nxh4+ 64. Kf6 Nxg2 1/2-1/2

[Event "European Rapid 2017"]
[Site "Katowice POL"]
[Date "2017.12.17"]
[Round "9.61"]
[White "Feuerstack, Aljoscha"]
[Black "Smolka, Marcin"]
[Result "0-1"]
[WhiteTitle "IM"]
[WhiteElo "2438"]
[BlackElo "2178"]
[WhiteFideId "4681932"]
[BlackFideId "1139681"]
[EventDate "2017.12.16"]

1. e4 e5 2. Bc4 Nf6 3. d3 Bc5 4. Nc3 c6 5. Nf3 d6 6. O-O Bb6 7. d4 Qe7 8. h3 O-O
9. Re1 Nbd7 10. a4 exd4 11. Nxd4 Ne5 12. Bf1 Bxh3 13. Nxc6 bxc6 14. gxh3 Nfg4
15. hxg4 Qh4 16. Be3 Nxg4 17. Bg2 Bxe3 18. fxe3 Qh2+ 19. Kf1 f5 20. Re2 fxe4+
21. Ke1 Nxe3 22. Rxe3 Qxg2 23. Qe2 Qg1+ 24. Kd2 Qxa1 25. Rg3 Qf1 0-1